ბათუმის შოთა რუსთაველის სახელმწიფო უნივერსიტეტის ბიბლიოთეკა

ვაი ჭკუისაგან (ბიბ.ჩანაწერი № 48703)

000 -LEADER
fixed length control field 00913nam a2200229Ia 4500
001 - CONTROL NUMBER
control field 15603
003 - CONTROL NUMBER IDENTIFIER
control field GE_BSU
008 - FIXED-LENGTH DATA ELEMENTS--GENERAL INFORMATION
fixed length control field 181216s||||||||xx |||||||||||||| ||und||
040 ## - CATALOGING SOURCE
Transcribing agency GE_BSU
080 ## - UNIVERSAL DECIMAL CLASSIFICATION NUMBER
Universal Decimal Classification number 821.161.1-22
100 ## - MAIN ENTRY--PERSONAL NAME
Personal name გრიბოედოვი, ა.ს.
245 ## - TITLE STATEMENT
Title ვაი ჭკუისაგან
245 ## - TITLE STATEMENT
Remainder of title კომედია 4 მოქმედებად
245 ## - TITLE STATEMENT
Statement of responsibility, etc. თარგმ. და შესავალი წერილი ს. ფაშალიშვილისა ; რედ. და შენიშვნებში ვ. გორგაძისა
260 ## - PUBLICATION, DISTRIBUTION, ETC.
Place of publication, distribution, etc. თბილისი
260 ## - PUBLICATION, DISTRIBUTION, ETC.
Name of publisher, distributor, etc. საბჭ. მწერალი
260 ## - PUBLICATION, DISTRIBUTION, ETC.
Date of publication, distribution, etc. 1960
300 ## - PHYSICAL DESCRIPTION
Extent 174გვ. : 1ფ. პორტრ. ; 17სმ
653 ## - INDEX TERM--UNCONTROLLED
Uncontrolled term ვაი ჭკუისაგან
653 ## - INDEX TERM--UNCONTROLLED
Uncontrolled term კომედია 4 მოქმედებად
942 ## - ADDED ENTRY ELEMENTS (KOHA)
Koha item type წიგნი
ეგზემპლარები
Withdrawn status Lost status Damaged status Not for loan Date acquired Barcode Date last seen Price effective from Koha item type
        2018-12-17 21209 2018-12-17 2018-12-17 წიგნი